NFL Future Hall of famers - Statistics

General Stats
  • This quiz has been taken 190 times
    137 since last reset
  • The average score is 48 of 76
Answer Stats
Team Pos. Player % Correct
Bills QB Josh Allen
96%
Bengals QB Joe Burrow
95%
Jets WR Garrett Wilson
93%
Broncos QB Russell Wilson
93%
Bengals WR Ja'Marr Chase
91%
Bills WR Stefon Diggs
89%
Eagles C Jason Kelce
88%
Chiefs QB Patrick Mahomes
88%
Chiefs TE Travis Kelce
88%
Chargers QB Justin Herbert
87%
Buccaneers WR Mike Evans
86%
Eagles QB Jalen Hurts
85%
Eagles WR A.J. Brown
83%
Free Agent WR Antonio Brown
83%
Ravens QB Lamar Jackson
83%
Browns RB Nick Chubb
83%
Chiefs HC Andy Reid
81%
Browns DE Myles Garrett
81%
Dolphins WR Tyreek Hill
81%
Packers QB Aaron Rodgers
80%
49ers TE George Kittle
80%
49ers RB Christian McCaffrey
79%
Cardinals WR DeAndre Hopkins
79%
Ravens K Justin Tucker
79%
49ers DE Nick Bosa
78%
Rams DT Aaron Donald
76%
Raiders WR Davante Adams
75%
Colts RB Jonathan Taylor
75%
Ravens TE Mark Andrews
74%
Jets CB Sauce Gardner
74%
Patriots HC Bill Belichick
73%
Vikings WR Justin Jefferson
73%
Broncos CB Patrick Surtain II
73%
Saints RB Alvin Kamara
72%
Titans RB Derrick Henry
72%
Vikings S Harrison Smith
72%
Ravens LB Roquan Smith
72%
Cowboys OT Tyron Smith
72%
Bills CB Tre'Davious White
69%
Chargers S Derwin James
67%
Dolphins CB Jalen Ramsey
66%
Falcons TE Kyle Pitts
66%
49ers OT Trent Williams
66%
Cowboys LB Micah Parsons
65%
Lions DE Aidan Hutchinson
63%
Steelers HC Mike Tomlin
63%
Steelers LB T.J. Watt
63%
Rams HC Sean McVay
61%
Bills LB Von Miller
60%
Packers CB Jaire Alexander
58%
Free Agent WR Julio Jones
57%
Seahawks LB Bobby Wagner
56%
Chargers LB Khalil Mack
56%
Buccaneers OT Tristan Wirfs
56%
Chiefs C Creed Humphrey
54%
Steelers S Minkah Fitzpatrick
51%
Cowboys IOL Zack Martin
50%
Saints DE Cam Jordan
48%
Colts IOL Quenton Nelson
43%
Ravens S Kyle Hamilton
39%
Colts LB Darius Leonard
38%
Cowboys CB Stephon Gilmore
36%
Texans CB Derek Stingley Jr.
35%
Patriots ST Matthew Slater
34%
Chargers OT Rashawn Slater
34%
Free Agent OT Jason Peters
32%
Saints S Tyrann Mathieu
32%
Packers OT David Bakhtiari
31%
49ers FB Kyle Juszczyk
31%
Eagles OT Lane Johnson
27%
Panthers P Johnny Hekker
24%
Titans WR Treylon Burks
23%
Steelers CB Patrick Peterson
21%
Saints OT Ryan Ramczyk
16%
Eagles CB Darius Slay
14%
Free Agent DT Geno Atkins
6%
No matching quizzes found
Score Distribution
Percent of People with Each Score
Percentile by Number Answered
Your Score History
You have not taken this quiz since the last reset